[Event "GER-chT School WK GS"]
[Site "Playchess.com INT"]
[Date "2020.06.11"]
[Round "3.1"]
[White "Bock, Leonas"]
[Black "Foeing, Sebastian"]
[Result "1-0"]
[WhiteElo "1681"]
[BlackElo "1537"]
[PlyCount "65"]
[EventDate "2020.06.11"]
[EventType "team-swiss (blitz)"]
[EventRounds "7"]
[EventCountry "GER"]
[SourceTitle "EXT 2021"]
[Source "ChessBase"]
[SourceDate "2020.10.23"]
[SourceVersion "1"]
[SourceVersionDate "2020.10.23"]
[SourceQuality "1"]
[WhiteTeam "Weimar Th"]
[BlackTeam "Raesfeld NW"]
[WhiteTeamCountry "GER"]
[BlackTeamCountry "GER"]

1. b3 e5 2. Bb2 Nc6 3. e3 Nf6 4. d3 Bc5 5. Nd2 d5 6. Be2 e4 7. Bxf6 Qxf6 8. dxe4 dxe4 9. Nxe4 Bb4+ 10. Kf1 Qf5 11. f3 Bd7 12. g4 Qe5 13. a3 Bc3 14. Nxc3 Qxc3 15. Rc1 0-0-0 16. Qd3 Qb2 17. Rd1 Bxg4 18. Qc4 Rxd1+ 19. Bxd1 Be6 20. Qf4 Rd8 21. Be2 Qc1+ 22. Kf2 Rd2 23. e4 Rxe2+ 24. Nxe2 Qxf4 25. Nxf4 Bd7 26. Rg1 h6 27. Rxg7 Ne5 28. Rg8+ Be8 29. Rxe8+ Kd7 30. Rxe5 f6 31. Rd5+ Ke7 32. Ke3 c6 33. Rd2 1-0

[Event "GER-ch Net Amateur Gr-C Vor3"]
[Site "Playchess.com INT"]
[Date "2020.04.16"]
[Round "4"]
[White "Foeing, Sebastian"]
[Black "Geier, Nicolai"]
[Result "1/2-1/2"]
[WhiteElo "1413"]
[BlackElo "1620"]
[PlyCount "49"]
[EventDate "2020.04.16"]
[EventType "swiss (blitz)"]
[EventRounds "9"]
[EventCountry "GER"]
[SourceTitle "CBM 195 Extra"]
[Source "ChessBase"]
[SourceDate "2020.05.31"]
[SourceVersion "1"]
[SourceVersionDate "2020.05.31"]
[SourceQuality "1"]

1. e4 e5 2. Nf3 Nf6 3. Nxe5 d6 4. Nf3 Nxe4 5. Qe2 d5 6. d3 f5 7. dxe4 fxe4 8. Nd4 Bc5 9. Qh5+ g6 10. Qe5+ Qe7 11. Qxh8+ Qf8 12. Qe5+ Be7 13. Nb5 Bd7 14. Nxc7+ Kd8 15. Nxa8 Nc6 16. Qc7+ Ke8 17. Bd2 Bc5 18. Bb5 Qxf2+ 19. Kd1 Qxg2 20. Qxc6 Bxc6 21. Bxc6+ bxc6 22. Nc7+ Kd7 23. Re1 Qg4+ 24. Re2 Qg1+ 25. Re1 1/2-1/2

[Event "GER-ch Net blitz qual4"]
[Site "Playchess.com INT"]
[Date "2020.03.23"]
[Round "1"]
[White "Foeing, Sebastian"]
[Black "Paehtz, Wolfgang"]
[Result "0-1"]
[WhiteElo "1361"]
[BlackElo "1898"]
[PlyCount "60"]
[EventDate "2020.03.23"]
[EventType "swiss (blitz)"]
[EventRounds "9"]
[EventCountry "GER"]
[SourceTitle "CBM 195 Extra"]
[Source "ChessBase"]
[SourceDate "2020.05.31"]
[SourceVersion "1"]
[SourceVersionDate "2020.05.31"]
[SourceQuality "1"]

1. c4 e6 2. d4 d5 3. Nc3 c6 4. e3 Bd6 5. Nf3 Nd7 6. c5 Bc7 7. Bd3 Ngf6 8. Qc2 b6 9. cxb6 axb6 10. Ne2 c5 11. dxc5 bxc5 12. Bb5 0-0 13. Bc6 Ra6 14. Bb5 Rb6 15. Qa4 Ne5 16. Nxe5 Bxe5 17. 0-0 Rb8 18. f4 Bd6 19. Bc6 Qb6 20. Bd2 Bc7 21. a3 Ne4 22. Bc3 Bb7 23. Bxb7 Qxb7 24. b4 cxb4 25. Bxb4 Rfc8 26. Rfb1 Bb6 27. Ba5 Bxe3+ 28. Kf1 Qxb1+ 29. Rxb1 Rxb1+ 30. Be1 Nd2# 0-1

[Event "GER-ch Net blitz qual3"]
[Site "Playchess.com INT"]
[Date "2020.03.21"]
[Round "5"]
[White "Foeing, Sebastian"]
[Black "Schubert, Joachim"]
[Result "0-1"]
[WhiteElo "1361"]
[BlackElo "1881"]
[PlyCount "76"]
[EventDate "2020.03.21"]
[EventType "swiss (blitz)"]
[EventRounds "9"]
[EventCountry "GER"]
[SourceTitle "CBM 195 Extra"]
[Source "ChessBase"]
[SourceDate "2020.05.31"]
[SourceVersion "1"]
[SourceVersionDate "2020.05.31"]
[SourceQuality "1"]

1. c4 f5 2. Nc3 Nf6 3. Qc2 e6 4. Nf3 Be7 5. e3 0-0 6. Be2 b6 7. d3 Bb7 8. Bd1 Qe8 9. Be2 d6 10. Bd2 Nbd7 11. 0-0-0 Bd8 12. h4 e5 13. h5 Ng4 14. Rdf1 h6 15. e4 f4 16. Nd5 Bxd5 17. exd5 Ngf6 18. g3 fxg3 19. fxg3 Nc5 20. Rfg1 Kh8 21. g4 e4 22. dxe4 Nfxe4 23. Bd3 Nf2 24. Bg6 Qd7 25. Rh2 Rxf3 26. Rf1 Nxg4 27. Rxf3 Bg5 28. Bxg5 Nxh2 29. Rf2 Ng4 30. Rf4 hxg5 31. Bf5 Ne3 32. Bxd7 Nxc2 33. Rf7 Nb4 34. Bc6 Nxc6 35. dxc6 Rc8 36. b4 Ne6 37. Re7 Nf4 38. Re1 Nd3+ 0-1

[Event "GER-ch Net blitz qual2"]
[Site "Playchess.com INT"]
[Date "2020.03.16"]
[Round "8"]
[White "Foeing, Sebastian"]
[Black "Baum, Bernhard"]
[Result "1-0"]
[WhiteElo "1361"]
[BlackElo "1656"]
[PlyCount "83"]
[EventDate "2020.03.16"]
[EventType "swiss (blitz)"]
[EventRounds "9"]
[EventCountry "GER"]
[SourceTitle "CBM 195 Extra"]
[Source "ChessBase"]
[SourceDate "2020.05.31"]
[SourceVersion "1"]
[SourceVersionDate "2020.05.31"]
[SourceQuality "1"]

1. c4 e6 2. d4 d5 3. e3 c6 4. Nc3 f5 5. Bd3 Nf6 6. Nf3 Bd6 7. Ne5 0-0 8. c5 Bc7 9. 0-0 Nbd7 10. f4 Ne4 11. Nxd7 Bxd7 12. Nxe4 fxe4 13. Be2 b6 14. cxb6 axb6 15. Bg4 c5 16. dxc5 bxc5 17. Qc2 Bd6 18. Bd2 e5 19. fxe5 Bxe5 20. Bc3 Bxc3 21. Bxd7 Bxb2 22. Be6+ Kh8 23. Qxb2 Re8 24. Bf7 Re7 25. Qb3 d4 26. exd4 cxd4 27. Bd5 Rb8 28. Qc4 Rc8 29. Qxd4 Rd7 30. Rad1 e3 31. Rfe1 Qg5 32. Rxe3 Rcd8 33. Re5 Qf6 34. Rf1 Qg6 35. Qb6 Qxb6+ 36. Kh1 h6 37. Be4 Qd4 38. Re6 Qb2 39. Re1 Qxa2 40. Bf5 Qf2 41. Re8+ Rxe8 42. Rxe8# 1-0

[Event "Dortmund Sparkassen op-C 47th"]
[Site "Dortmund"]
[Date "2019.07.16"]
[Round "4"]
[White "Akcapinar, Timur"]
[Black "Foeing, Sebastian"]
[Result "0-1"]
[WhiteElo "868"]
[BlackElo "1121"]
[PlyCount "54"]
[EventDate "2019.07.13"]
[EventType "swiss"]
[EventRounds "9"]
[EventCountry "GER"]
[SourceTitle "CBM 192 Extra"]
[Source "Chessbase"]
[SourceDate "2019.11.06"]
[SourceVersion "1"]
[SourceVersionDate "2019.11.06"]
[SourceQuality "1"]

1. e4 e5 2. Nf3 Nc6 3. d4 exd4 4. Nxd4 g6 5. Nxc6 bxc6 6. Bc4 Bg7 7. Qf3 f5 8. exf5 gxf5 9. Qxf5 d5 10. Be2 Bxf5 11. Bh5+ Bg6 12. Bxg6+ hxg6 13. 0-0 Qh4 14. Re1+ Ne7 15. Bf4 Qxf4 16. g3 Qb4 17. c3 Qxb2 18. Nd2 Qxd2 19. Rad1 Qxa2 20. Re6 Rf8 21. Rde1 Rxf2 22. Rxe7+ Kd8 23. Re8+ Kd7 24. R1e7+ Kd6 25. Re6+ Kc5 26. Rxa8 Rg2+ 27. Kf1 Qf2# 0-1

[Event "Dortmund Sparkassen op-C 47th"]
[Site "Dortmund"]
[Date "2019.07.13"]
[Round "1"]
[White "Foeing, Sebastian"]
[Black "Schulz, Dennis"]
[Result "0-1"]
[WhiteElo "1121"]
[BlackElo "1427"]
[PlyCount "50"]
[EventDate "2019.07.13"]
[EventType "swiss"]
[EventRounds "9"]
[EventCountry "GER"]
[SourceTitle "CBM 192 Extra"]
[Source "Chessbase"]
[SourceDate "2019.11.06"]
[SourceVersion "1"]
[SourceVersionDate "2019.11.06"]
[SourceQuality "1"]

1. e4 e5 2. Nf3 Nc6 3. Bc4 Bc5 4. 0-0 Nf6 5. Bb3 d6 6. c3 0-0 7. d4 exd4 8. cxd4 Bb4 9. a3 Ba5 10. Bd2 Nxe4 11. Bc2 Nxd2 12. Nbxd2 Bg4 13. Qc1 Bxd2 14. Nxd2 Nxd4 15. Kh1 Re8 16. f3 Bh5 17. Bb1 Ne2 18. Qc4 d5 19. Qc5 Qh4 20. Qxc7 Rac8 21. g3 Qh3 22. Qd6 Bxf3+ 23. Rxf3 Rc1+ 24. Nf1 Rxf1+ 25. Rxf1 Qxf1# 0-1